| 000 | 00781nam a2200229Ii 4500 | ||
|---|---|---|---|
| 003 | JO-AjNU | ||
| 008 | 230605s9999||||xx |||||||||||||| ||und|| | ||
| 017 | _a2004/7/1766 | ||
| 020 | _a9957-16-040-0 | ||
| 040 |
_aJO-AjNU _bara _erda _cJO-AjNU |
||
| 041 | _aara | ||
| 050 | 1 | 4 | _aK1420.5.A286.2005 |
| 100 | 3 |
_a أبو بكر، محمد, _eauthor _912758 |
|
| 245 | 0 | 0 | _aالمبادئ الأولية لحقوق المؤلف والإتفاقيات والمعاهدات الدولية |
| 250 | _aط1 | ||
| 264 | 3 | 1 | _aعمان : دار الثقافة ، 2005 |
| 300 | _a367ص | ||
| 336 |
_atext _btxt _2rdacontent |
||
| 337 |
_aunmediated _bn _2rdamedia |
||
| 338 |
_avolume _bnc _2rdacarrier |
||
| 650 | 4 |
_aحقوق المؤلفين -- الإتفاقيات الدولية _912759 |
|
| 999 |
_aA2997 _c6565 _d6565 |
||